Statystyki dla Wyznacz wybrzeże Afryki i Eurazji

Kliknij tutaj aby rozwiązać quiz!

Ogólne statystyki

  • Ten quiz został rozwiązany 5 929 razy
  • Średni wynik to 42 z 105

Odpowiedzi na mapie

Odpowiedzi skodowane kolorowo w zielono-czerwonej skali na mapie do tego quizu, zgodnie z poniższymi procentami.
 

Statystyki odpowiedzi

Państwa% Poprawnych
Rosja
100%
Korea Północna
67%
Korea Południowa
66%
Chiny
51%
Korea Północna
50%
Wietnam
50%
Kambodża
49%
Tajlandia
49%
Indie
48%
Malezja
48%
Bangladesz
47%
Irak
47%
Iran
47%
Mjanma
47%
Pakistan
47%
Tajlandia
47%
Arabia Saudyjska
46%
Arabia Saudyjska
46%
Katar
46%
Kuwejt
46%
Oman
46%
Zjednoczone Emiraty Arabskie
46%
Arabia Saudyjska
44%
Izrael
44%
Jemen
44%
Jordania
44%
Oman
44%
Zjednoczone Emiraty Arabskie
44%
Egipt
43%
Sudan
43%
Dżibuti
42%
Erytrea
42%
Kenia
42%
Mozambik
42%
Republika Południowej Afryki
42%
Somalia
42%
Tanzania
42%
Angola
41%
Demokratyczna Republika Konga
41%
Namibia
41%
Nigeria
38%
Algieria
37%
Benin
37%
Egipt
37%
Gabon
37%
Gambia
37%
Ghana
37%
Gwinea
37%
Gwinea Równikowa
37%
Izrael
37%
Kamerun
37%
Kongo
37%
Liban
37%
Liberia
37%
Libia
37%
Maroko
37%
Mauretania
37%
Senegal
37%
Senegal
37%
Syria
37%
Togo
37%
Tunezja
37%
Turcja
37%
Wybrzeże Kości Słoniowej
37%
Albania
36%
Angola
36%
Bułgaria
36%
Czarnogóra
36%
Grecja
36%
Gruzja
36%
Gwinea Bissau
36%
Rosja
36%
Rosja
36%
Rumunia
36%
Sierra Leone
36%
Turcja
36%
Ukraina
36%
Ukraina
36%
Bośnia i Hercegowina
35%
Chorwacja
35%
Chorwacja
35%
Francja
35%
Francja
35%
Francja
35%
Hiszpania
35%
Hiszpania
35%
Monako
35%
Portugalia
35%
Słowenia
35%
Włochy
35%
Belgia
34%
Dania
34%
Estonia
34%
Finlandia
34%
Holandia
34%
Litwa
34%
Łotwa
34%
Niemcy
34%
Niemcy
34%
Polska
34%
Rosja
34%
Rosja
34%
Rosja
34%
Norwegia
33%
Szwecja
33%

Rozkład punktacji

Percentyl według liczby udzielonych odpowiedzi

Procent ludzi z każdym wynikiem

Twoja historia wyników

Nie rozwiązałeś tego quizu